[Event "SVK-chT2D 1920"]
[Site "Slovakia"]
[Date "2020.03.08"]
[Round "11.8"]
[White "Nandrazi, Dominik"]
[Black "Ludrovsky, Simon"]
[Result "1-0"]
[WhiteElo "1863"]
[BlackElo "1281"]
[PlyCount "109"]
[EventDate "2019.10.26"]
[EventType "team-tourn"]
[EventRounds "11"]
[EventCountry "SVK"]
[SourceTitle "EXT 2022"]
[Source "ChessBase"]
[SourceDate "2021.10.06"]
[SourceVersion "1"]
[SourceVersionDate "2021.10.06"]
[SourceQuality "1"]
[WhiteTeam "Presov Tatran Dason"]
[BlackTeam "Gelnica Slovan"]
[WhiteTeamCountry "SVK"]
[BlackTeamCountry "SVK"]

1. Nc3 c5 2. Nf3 Nc6 3. e4 g6 4. Bc4 Bg7 5. d3 d6 6. h3 Nf6 7. Bg5 0-0 8. Qd2 a6 9. a3 b5 10. Ba2 Rb8 11. 0-0 Bd7 12. Bh6 Qc8 13. Bxg7 Kxg7 14. Rae1 Nh5 15. Ne2 e5 16. Nh2 Nd4 17. c3 Ne6 18. Bxe6 Bxe6 19. f4 Nxf4 20. Nxf4 exf4 21. Qxf4 Qd7 22. Qf6+ Kg8 23. Nf3 Qd8 24. Qf4 a5 25. Qh6 Qf6 26. e5 dxe5 27. Rxe5 Rbc8 28. Ng5 Qg7 29. Qxg7+ Kxg7 30. Rxe6 fxe6 31. Nxe6+ Kg8 32. Rxf8+ Rxf8 33. Nxf8 Kxf8 34. Kf2 Ke7 35. Ke3 Ke6 36. Ke4 Kd6 37. d4 h6 38. d5 h5 39. g3 b4 40. c4 a4 41. Kf4 bxa3 42. bxa3 g5+ 43. Kf5 h4 44. g4 Ke7 45. Kxg5 Kf7 46. Kf5 Ke7 47. g5 Kf7 48. d6 Ke8 49. Ke6 Kd8 50. g6 Kc8 51. g7 Kb7 52. g8Q Kb6 53. Kd7 Ka7 54. Kc7 Ka6 55. Qa8# 1-0